[Event "ICS rated blitz match"]
[Site "204.178.125.65"]
[Date "1999.08.11"]
[Round "?"]
[White "Hossa"]
[Black "Kob"]
[Result "0-1"]
[WhiteElo "2456"]
[BlackElo "2240"]
[PlyCount "100"]
[EventDate "1999.??.??"]

1. d4 Nf6 2. c4 c5 3. d5 a6 4. Nc3 b5 5. Bg5 b4 6. Bxf6 exf6 7. Na4 d6 8. a3 a5
9. e3 g6 10. Bd3 Bg7 11. Ne2 O-O 12. O-O f5 13. Nf4 Nd7 14. axb4 axb4 15. Qf3
Ne5 16. Qe2 Bd7 17. Bc2 Qb8 18. Bb3 Qb7 19. Ra2 Ra7 20. Rfa1 Rfa8 21. f3 Bxa4
22. Rxa4 Rxa4 23. Rxa4 Rxa4 24. Bxa4 b3 25. e4 fxe4 26. fxe4 Qb4 27. Bb5 Qa5
28. Qd1 Qa2 29. Qc1 Ng4 30. Nd3 Bd4+ 31. Kh1 Nf2+ 32. Nxf2 Bxf2 33. e5 dxe5 34.
d6 Bh4 35. d7 Qa5 36. Qd1 e4 37. g3 Bd8 38. Qxb3 Qe1+ 39. Kg2 e3 40. Bc6 Qd2+
41. Kh3 e2 42. Qb8 e1=Q 43. Qxd8+ Kg7 44. Qh8+ Kxh8 45. d8=Q+ Qxd8 46. b3 Qf1+
47. Bg2 Qd7+ 48. g4 Qfd3+ 49. Bf3 Qxf3+ 50. Kh4 50... Qdxg4# {Hossa checkmated}
0-1

[Event "ICS rated blitz match"]
[Site "204.178.125.65"]
[Date "1999.08.11"]
[Round "?"]
[White "Kob"]
[Black "Hossa"]
[Result "1-0"]
[WhiteElo "2265"]
[BlackElo "2431"]
[PlyCount "64"]
[EventDate "1999.??.??"]

1. e4 c6 2. d4 d5 3. exd5 cxd5 4. c4 Nf6 5. Nc3 Nc6 6. Nf3 Bg4 7. cxd5 Nxd5 8.
Qb3 Bxf3 9. gxf3 Nb6 10. d5 Ne5 11. Be2 Qc7 12. Be3 Nbd7 13. Rc1 Rc8 14. O-O a6
15. Nb5 Qd8 16. Rxc8 Qxc8 17. Rc1 Qxc1+ 18. Bxc1 axb5 19. Bxb5 Kd8 20. f4 Ng4
21. Qa4 Ngf6 22. f5 Nb6 23. Qa5 Nfxd5 24. Bc4 Kc8 25. Bxd5 Nxd5 26. Qxd5 e6 27.
fxe6 fxe6 28. Qxe6+ Kb8 29. Bf4+ Ka7 30. Qc8 Ka6 31. Bd6 Bxd6 32. Qxh8 32...
Be5 {Hossa resigns} 1-0

[Event "ICS rated blitz match"]
[Site "204.178.125.65"]
[Date "1999.08.11"]
[Round "?"]
[White "Hossa"]
[Black "Kob"]
[Result "1-0"]
[WhiteElo "2408"]
[BlackElo "2288"]
[PlyCount "49"]
[EventDate "1999.??.??"]

1. d4 d5 2. c4 c6 3. Nc3 e6 4. Nf3 Nf6 5. cxd5 exd5 6. Qc2 Na6 7. Bg5 Be7 8. e3
Nb4 9. Qb1 g6 10. Qd1 Bf5 11. Rc1 Ne4 12. Bxe7 Qxe7 13. a3 Nxc3 14. Rxc3 Na2
15. Rc5 Rc8 16. Qa4 b6 17. Rxc6 O-O 18. Ba6 Rxc6 19. Qxc6 Nb4 20. axb4 Qxb4+
21. Qc3 Qa4 22. Qa3 Qc2 23. O-O h6 24. b4 Be4 25. Rc1 {Kob resigns} 1-0

[Event "ICS rated blitz match"]
[Site "204.178.125.65"]
[Date "1999.08.11"]
[Round "?"]
[White "MateWithYou2"]
[Black "Hossa"]
[Result "0-1"]
[WhiteElo "2082"]
[BlackElo "2419"]
[PlyCount "64"]
[EventDate "1999.??.??"]

1. e4 e5 2. Nf3 Nc6 3. Bb5 a6 4. Ba4 b5 5. Bb3 Bc5 6. O-O d6 7. c3 Bg4 8. h3
Bxf3 9. Qxf3 Qd7 10. a4 b4 11. d3 bxc3 12. bxc3 Rb8 13. Nd2 Kf8 14. Rd1 Na5 15.
Bc2 Nf6 16. Nf1 Nc6 17. Ng3 Qe6 18. Nf5 d5 19. Rb1 Rxb1 20. Bxb1 dxe4 21. dxe4
Kg8 22. Bg5 Ne8 23. Qe2 h6 24. Ba2 Qg6 25. Bc1 Ne7 26. Rd8 Kh7 27. Nh4 Qc6 28.
Bxf7 Nd6 29. Rxh8+ Kxh8 30. Bb3 Qxe4 31. Qh5 Qe1+ 32. Kh2 32... Bxf2 {
MateWithYou2 resigns} 0-1

[Event "ICS rated blitz match"]
[Site "204.178.125.65"]
[Date "1999.08.11"]
[Round "?"]
[White "Hossa"]
[Black "kickinnuts"]
[Result "1-0"]
[WhiteElo "2423"]
[BlackElo "2089"]
[PlyCount "89"]
[EventDate "1999.??.??"]

1. d4 Nf6 2. c4 g6 3. Nc3 Bg7 4. e4 d6 5. f3 O-O 6. Be3 c5 7. dxc5 dxc5 8. Qxd8
Rxd8 9. Bxc5 Nc6 10. Rd1 Nd7 11. Be3 b6 12. Nge2 Nb4 13. Kf2 Ba6 14. b3 Ne5 15.
Nd5 Nbd3+ 16. Kg1 e6 17. Nc7 Bb7 18. Nxa8 Bxa8 19. Nc1 Bf6 20. Nxd3 Nxd3 21.
Rxd3 Rc8 22. Rd7 b5 23. cxb5 Kg7 24. Rxa7 h5 25. Bc4 Kg8 26. a3 h4 27. g3 h3
28. Bf1 Kg7 29. Bxh3 Kg8 30. Kg2 Rc2+ 31. Kf1 Rc8 32. Ke2 g5 33. Bg4 Bd8 34.
Bh5 f6 35. Bf7+ Kg7 36. Bxe6+ Rc7 37. Rxa8 f5 38. Rxd8 fxe4 39. Rd7+ Rxd7 40.
Bxd7 exf3+ 41. Kxf3 Kf6 42. Bxg5+ Ke5 43. Bf4+ Kd5 44. Rd1+ Kc5 45. Be3# {
kickinnuts checkmated} 1-0

[Event "ICS rated blitz match"]
[Site "204.178.125.65"]
[Date "1999.08.11"]
[Round "?"]
[White "Big-Pawn"]
[Black "Hossa"]
[Result "0-1"]
[WhiteElo "2158"]
[BlackElo "2427"]
[PlyCount "90"]
[EventDate "1999.??.??"]

1. Nf3 b6 2. g3 Bb7 3. Bg2 e6 4. O-O d5 5. d3 Bd6 6. Nbd2 Ne7 7. e4 c5 8. Qe2
O-O 9. Nh4 Nbc6 10. f4 Nd4 11. Qd1 Ng6 12. Nhf3 Bc7 13. Nxd4 cxd4 14. e5 Qe7
15. Nb3 f6 16. exf6 Qxf6 17. Qg4 Ne7 18. Bd2 Nf5 19. Rae1 Rf7 20. Qh3 Rc8 21.
g4 Ne3 22. Bxe3 dxe3 23. Qxe3 Bxf4 24. Qxe6 Rxc2 25. Qxf6 Rxf6 26. Nd4 Rxb2 27.
Re8+ Kf7 28. Re2 Rxe2 29. Nxe2 Be3+ 30. Kh1 Rxf1+ 31. Bxf1 g5 32. Bg2 Bc6 33.
h3 Kf6 34. Bf3 Ke5 35. Kg2 h6 36. Ng3 Kd4 37. Be2 Kc3 38. Nf5 d4+ 39. Kf1 Bd5
40. Nxh6 Bxa2 41. Nf5 Bb1 42. Ne7 Bc2 43. Nc6 a5 44. Ne5 b5 45. Nf3 45... a4 {
Big-Pawn resigns} 0-1

[Event "ICS rated blitz match"]
[Site "204.178.125.65"]
[Date "1999.08.11"]
[Round "?"]
[White "Hossa"]
[Black "kickinnuts"]
[Result "1/2-1/2"]
[WhiteElo "2433"]
[BlackElo "2085"]
[PlyCount "81"]
[EventDate "1999.??.??"]

1. d4 c6 2. e4 d5 3. Nc3 dxe4 4. Nxe4 Nf6 5. Nxf6+ gxf6 6. Bf4 Bf5 7. Qd2 e6 8.
O-O-O Bd6 9. Bxd6 Qxd6 10. Ne2 Nd7 11. Ng3 Bg6 12. h4 h5 13. Ne2 O-O-O 14. Qa5
Kb8 15. c3 f5 16. Rh3 Nf6 17. c4 Ne4 18. Ra3 a6 19. f3 Nf2 20. Rd2 e5 21. Rb3
c5 22. Rb6 Qc7 23. Qxa6 exd4 24. Nxd4 Rxd4 25. Rxf2 Rhd8 26. b4 Rd1+ 27. Kc2
f4+ 28. Kb3 Rb1+ 29. Ka3 cxb4+ 30. Ka4 b3 31. a3 b2 32. Rb3 f6 33. Qb6 Be8+ 34.
Ka5 Qxb6+ 35. Kxb6 Rd6+ 36. Kc5 Rc6+ 37. Kb5 Ra6+ 38. Kc5 Rc6+ 39. Kb5 Ra6+ 40.
Kc5 Rc6+ 41. Kb5 {Game drawn by repetition} 1/2-1/2

[Event "ICS rated blitz match"]
[Site "204.178.125.65"]
[Date "1999.08.11"]
[Round "?"]
[White "stranger"]
[Black "Hossa"]
[Result "0-1"]
[WhiteElo "2132"]
[BlackElo "2425"]
[PlyCount "74"]
[EventDate "1999.??.??"]

1. e4 e5 2. Nf3 Nc6 3. Bc4 Bc5 4. O-O f5 5. exf5 d6 6. d4 Bxd4 7. Nxd4 Nxd4 8.
Qh5+ Kd7 9. Bg5 Qf8 10. Nc3 Kc6 11. Bd5+ Kb6 12. Na4+ Ka5 13. b3 Qxf5 14. Bd2+
Ka6 15. Qe8 Qd7 16. Qh5 Nf6 17. Bc4+ b5 18. Bxb5+ Nxb5 19. Qe2 Kb7 20. c3 Rf8
21. Nb2 Na3 22. Rac1 Qf7 23. c4 c5 24. Ba5 Bg4 25. f3 Bf5 26. Na4 Ka6 27. Qb2
Nc2 28. Qxc2 Bxc2 29. Rxc2 Kxa5 30. a3 Rab8 31. Nc3 Rxb3 32. a4 Qxc4 33. Rcf2
Qxc3 34. h4 Qd4 35. Kh1 Qxh4+ 36. Kg1 Qxa4 37. f4 37... e4 {stranger resigns}
0-1

[Event "ICS rated blitz match"]
[Site "204.178.125.65"]
[Date "1999.08.11"]
[Round "?"]
[White "GARCICS"]
[Black "Hossa"]
[Result "0-1"]
[WhiteElo "2037"]
[BlackElo "2430"]
[PlyCount "60"]
[EventDate "1999.??.??"]

1. e4 e5 2. Nf3 Nc6 3. Bb5 a6 4. Ba4 b5 5. Bb3 Bc5 6. O-O d6 7. c3 f5 8. d4
exd4 9. cxd4 fxe4 10. dxc5 Nf6 11. Ng5 d5 12. Nc3 Ne7 13. f3 exf3 14. Nxf3 b4
15. Ne2 O-O 16. Nfd4 h6 17. Kh1 c6 18. Be3 Bg4 19. Qd3 Qa5 20. Rac1 Rab8 21.
Nf4 Rbe8 22. h3 Bf5 23. Nxf5 Nxf5 24. Bg1 Ne4 25. Rfe1 Nfg3+ 26. Kh2 Qc7 27.
Rxe4 Nxe4 28. Be3 Rxf4 29. g3 Rf3 30. Re1 30... Qxg3+ {GARCICS resigns} 0-1

[Event "ICS Rated blitz match"]
[Site "204.178.125.65"]
[Date "1999.08.11"]
[Round "?"]
[White "Hossa"]
[Black "leskovar"]
[Result "1-0"]
[WhiteElo "2411"]
[BlackElo "2451"]
[PlyCount "123"]
[EventDate "1999.??.??"]

1. d4 g6 2. c4 Bg7 3. e4 d6 4. Nc3 Nc6 5. d5 Nd4 6. Nge2 c5 7. Nxd4 cxd4 8. Nb5
Qb6 9. Bd3 a6 10. Na3 Nf6 11. Qc2 O-O 12. O-O Bd7 13. f4 Rac8 14. Qe2 Qc7 15.
Nc2 b5 16. cxb5 axb5 17. Bd2 Ng4 18. f5 Ne5 19. Nxd4 Nxd3 20. Qxd3 Qc4 21. Qxc4
Rxc4 22. Nb3 Bxb2 23. Rab1 Be5 24. fxg6 hxg6 25. Rbc1 Rfc8 26. Rfe1 Rxc1 27.
Rxc1 Rxc1+ 28. Bxc1 Bg4 29. Bg5 f6 30. Be3 Bd1 31. Nd2 Bc2 32. Kf2 Bc3 33. Kf3
g5 34. h3 Kf7 35. Nb3 Bb1 36. a3 Ba2 37. Nd4 Bc4 38. g3 Bb2 39. Nc2 Bb3 40. Bd4
Bc1 41. Be3 Bb2 42. Bd4 Bc1 43. Be3 Bb2 44. Bd4 Bxc2 45. Bxb2 Bd1+ 46. Ke3 Kg6
47. Bd4 Bc2 48. Bb6 Kf7 49. Bc7 Bb3 50. Kd4 Bd1 51. Bb6 Bf3 52. Ke3 Bg2 53. h4
gxh4 54. gxh4 f5 55. exf5 Bxd5 56. Kf4 Bb3 57. Kg5 Bd1 58. h5 d5 59. h6 Bc2 60.
Bd4 e5 61. Bxe5 Be4 62. h7 {leskovar resigns} 1-0

[Event "ICS rated blitz match"]
[Site "204.178.125.65"]
[Date "1999.08.11"]
[Round "?"]
[White "occam"]
[Black "Hossa"]
[Result "1-0"]
[WhiteElo "2435"]
[BlackElo "2429"]
[PlyCount "139"]
[EventDate "1999.??.??"]

1. e4 e5 2. Nf3 Nc6 3. d4 exd4 4. Nxd4 Qh4 5. Qd3 Bc5 6. c3 f5 7. exf5 Nxd4 8.
cxd4 Bxd4 9. Qe2+ Ne7 10. Nd2 Qf6 11. Nf3 Bc3+ 12. Kd1 Bb4 13. a3 Bc5 14. g4 h5
15. Bh3 hxg4 16. Bxg4 Qc6 17. Rg1 Qa4+ 18. Ke1 O-O 19. Be3 Bxe3 20. Qxe3 Nd5
21. Qc5 Re8+ 22. Kf1 Nf4 23. b4 Qb3 24. Rh1 Re4 25. h3 Qd3+ 26. Kg1 Nxh3+ 27.
Bxh3 d6 28. Qxc7 Qxf3 29. Qd8+ Kf7 30. Qxd6 Re2 31. Qg6+ Kg8 32. Rh2 Qe4 33.
Rd1 Qe8 34. Bf1 Qxg6+ 35. fxg6 Re8 36. Bb5 Bf5 37. Bxe8 Rxe8 38. Rd6 Kf8 39.
Rh4 Re1+ 40. Kh2 Ke7 41. Rhd4 Re2 42. Kg2 Re4 43. b5 a6 44. Rd7+ Bxd7 45. Rxe4+
Kf6 46. bxa6 bxa6 47. Rd4 Bb5 48. Rd6+ Ke5 49. Rb6 Bd3 50. Kg3 Kf5 51. Kf3 Bb5
52. Ke3 Ke5 53. f4+ Kf5 54. Rd6 Bc4 55. a4 a5 56. Rb6 Be6 57. Ra6 Bc8 58. Rxa5+
Kxg6 59. Rc5 Bb7 60. a5 Kh7 61. Kd4 Ba6 62. Rc6 Bb7 63. Kc5 Ba8 64. a6 g6 65.
Rc8 Be4 66. a7 Kg7 67. Rc6 Kh6 68. a8=Q Kh5 69. Qd8 Bd3 70. Qg5# {
Hossa checkmated} 1-0

[Event "ICS rated blitz match"]
[Site "204.178.125.65"]
[Date "1999.08.11"]
[Round "?"]
[White "Hossa"]
[Black "heatstroke"]
[Result "0-1"]
[WhiteElo "2413"]
[BlackElo "2760"]
[PlyCount "64"]
[EventDate "1999.??.??"]

1. d4 f5 2. c4 Nf6 3. Nc3 g6 4. f3 Bg7 5. Bg5 h6 6. Bc1 d6 7. Kf2 e5 8. dxe5
dxe5 9. Qxd8+ Kxd8 10. Bd2 Be6 11. e4 fxe4 12. Rd1 Ke7 13. fxe4 Nbd7 14. Nf3
Nc5 15. Nd5+ Bxd5 16. exd5 Nfe4+ 17. Kg1 Nxd2 18. Rxd2 e4 19. b4 Na4 20. Nd4 e3
21. Rd3 Bxd4 22. Rxd4 Rae8 23. Rd3 Kd8 24. Be2 Rhf8 25. Ra3 Rf2 26. Bf3 Rc2 27.
h3 e2 28. Bxe2 Rexe2 29. Rxa4 Rxg2+ 30. Kf1 Rcf2+ 31. Ke1 Rb2 32. Rh2 32...
Rb1# {Hossa checkmated} 0-1

[Event "ICS rated blitz match"]
[Site "204.178.125.65"]
[Date "1999.08.11"]
[Round "?"]
[White "Secret"]
[Black "Hossa"]
[Result "1-0"]
[WhiteElo "2538"]
[BlackElo "2409"]
[PlyCount "157"]
[EventDate "1999.??.??"]

1. Nf3 b6 2. g3 Bb7 3. Bg2 e6 4. O-O d5 5. d4 c5 6. dxc5 Bxc5 7. c4 Ne7 8. Nc3
O-O 9. cxd5 exd5 10. Bf4 Ng6 11. Bg5 f6 12. Bc1 Qd7 13. Nd4 Re8 14. Be3 Na6 15.
Re1 Ne5 16. Rb1 Ng4 17. Bf4 g5 18. Bc1 Rad8 19. h3 Ne5 20. b3 Rc8 21. Ncb5 Nc7
22. Nxc7 Rxc7 23. Bb2 Rec8 24. Rc1 a5 25. e3 Bb4 26. Rxc7 Rxc7 27. Re2 Bc5 28.
Rd2 Qf7 29. Nf5 Qe6 30. Rxd5 Qxf5 31. g4 Qe6 32. Rxe5 Rd7 33. Rxe6 Rxd1+ 34.
Kh2 Rd2 35. Bxb7 Rxf2+ 36. Kg3 Rxb2 37. Bd5 Kg7 38. Bc4 Rb1 39. a4 Re1 40. Kf2
Rc1 41. Re8 Rc3 42. Kf3 Kg6 43. Bd5 h5 44. Bc4 hxg4+ 45. hxg4 Kh6 46. Bd5 Kg7
47. Re6 Rd3 48. Bc4 Rd7 49. Re8 Bb4 50. e4 Rd6 51. Bd5 Bc5 52. Ke2 Rd7 53. Rc8
Rd6 54. Bc4 Bb4 55. Rc7+ Kh6 56. e5 fxe5 57. Bd3 Rg6 58. Bxg6 Kxg6 59. Rc6+ Kf7
60. Rxb6 Ke7 61. Kd3 Kd7 62. Rg6 Be7 63. Ke4 Bd8 64. Kd5 Be7 65. Kxe5 Ke8 66.
Rg7 Kf8 67. Rh7 Bd8 68. Rb7 Be7 69. Rb5 Kg7 70. Kf5 Bd8 71. b4 axb4 72. a5 Kh6
73. a6 b3 74. a7 Be7 75. a8=Q Kg7 76. Rxb3 Bc5 77. Rb7+ Be7 78. Rxe7+ Kh6 79.
Qc6# {Hossa checkmated} 1-0

[Event "ICS rated blitz match"]
[Site "204.178.125.65"]
[Date "1999.08.11"]
[Round "?"]
[White "Hossa"]
[Black "PostModernist"]
[Result "0-1"]
[WhiteElo "2399"]
[BlackElo "2566"]
[PlyCount "91"]
[EventDate "1999.??.??"]

1. d4 e6 2. c4 Nf6 3. Nc3 Bb4 4. Bg5 h6 5. Bxf6 Bxc3+ 6. bxc3 Qxf6 7. e3 b6 8.
Qf3 Qxf3 9. Nxf3 Bb7 10. Nd2 d6 11. Bd3 g6 12. Rg1 g5 13. Rb1 Nd7 14. g3 f5 15.
f4 Nf6 16. h4 Rg8 17. fxg5 hxg5 18. Ke2 Ke7 19. Nb3 Kf7 20. Rgf1 gxh4 21. gxh4
Rg2+ 22. Rf2 Rxf2+ 23. Kxf2 Rh8 24. Kg3 Rg8+ 25. Kh3 Ng4 26. Rb2 Nxe3 27. Be2
f4 28. Bh5+ Ke7 29. Rf2 e5 30. dxe5 dxe5 31. Kh2 Rh8 32. Bf3 e4 33. Be2 Rxh4+
34. Kg1 f3 35. c5 Rg4+ 36. Kh2 Rg5 37. Bf1 Ng4+ 38. Kg3 Nxf2+ 39. Kxf2 bxc5 40.
Ke3 Rg1 41. Bc4 Kd6 42. Na5 Bd5 43. Bxd5 Kxd5 44. c4+ Ke5 45. Nc6+ Kf6 46. a4 {
Hossa resigns} 0-1

[Event "ICS rated blitz match"]
[Site "204.178.125.65"]
[Date "1999.08.12"]
[Round "?"]
[White "Hossa"]
[Black "Secret"]
[Result "0-1"]
[WhiteElo "2390"]
[BlackElo "2548"]
[PlyCount "62"]
[EventDate "1999.??.??"]

1. d4 d5 2. c4 dxc4 3. e4 e5 4. Nf3 exd4 5. Qxd4 Qxd4 6. Nxd4 Nf6 7. f3 Bc5 8.
Nb5 Na6 9. Bg5 c6 10. Bxf6 gxf6 11. N5a3 b5 12. Nc2 Nb4 13. Nxb4 Bxb4+ 14. Nc3
f5 15. e5 f6 16. f4 fxe5 17. fxe5 Kf7 18. Kf2 Rd8 19. Re1 Ke6 20. a3 Bc5+ 21.
Kf3 Rd2 22. Re2 Rd3+ 23. Kf4 Bf8 24. Kg5 Rd4 25. h3 Be7+ 26. Kh6 Rh4+ 27. Kg7
Bd7 28. g3 Bf8+ 29. Kg8 Be8 30. Kxf8 Bf7+ 31. Kg7 31... Rg8# {Hossa checkmated}
0-1

[Event "ICS rated blitz match"]
[Site "204.178.125.65"]
[Date "1999.08.12"]
[Round "?"]
[White "Hossa"]
[Black "THEDEVIL"]
[Result "1-0"]
[WhiteElo "2392"]
[BlackElo "2254"]
[PlyCount "161"]
[EventDate "1999.??.??"]

1. d4 c5 2. d5 e5 3. e4 d6 4. Bb5+ Nd7 5. Ne2 a6 6. Bxd7+ Bxd7 7. O-O g6 8. f4
exf4 9. Bxf4 Qe7 10. Nd2 b5 11. a3 Bg7 12. c3 Nf6 13. Bg5 h6 14. Bh4 g5 15. Bg3
Ng4 16. Qb1 Ne5 17. Bxe5 Bxe5 18. Qd3 O-O 19. Nf3 f5 20. Nxe5 Qxe5 21. Qh3 Kg7
22. Ng3 Rf7 23. Rxf5 Rxf5 24. Nxf5+ Bxf5 25. Qxf5 Qxf5 26. exf5 Re8 27. g4 Re5
28. Rd1 h5 29. gxh5 Rxf5 30. Re1 Rxd5 31. Re6 Rd2 32. Rg6+ Kh7 33. b4 c4 34.
Rxg5 Kh6 35. Rg8 Rd3 36. a4 Rxc3 37. Rg6+ Kxh5 38. Rxd6 bxa4 39. Rxa6 Rb3 40.
Rxa4 c3 41. Kg2 c2 42. Ra5+ Kg4 43. Rc5 Rb2 44. Rc4+ Kf5 45. Kf3 Ke5 46. Ke3
Kd5 47. Rc5+ Kd6 48. Kd3 c1=Q 49. Rxc1 Rxh2 50. Rc8 Rb2 51. Rc4 Kd5 52. Rc5+
Kd6 53. Kc3 Rb1 54. Rb5 Rc1+ 55. Kb2 Rc8 56. Kb3 Kc6 57. Rc5+ Kb7 58. Rh5 Rc7
59. Ka4 Rc1 60. Rh7+ Kb6 61. Rh6+ Kb7 62. Ka5 Ra1+ 63. Kb5 Rg1 64. Rh7+ Kb8 65.
Ka5 Ra1+ 66. Kb6 Kc8 67. Rh8+ Kd7 68. b5 Rb1 69. Rh7+ Kc8 70. Rh6 Kd7 71. Rc6
Ra1 72. Kb7 Rb1 73. b6 Rb2 74. Rc3 Rb1 75. Rd3+ Ke8 76. Kc7 Rc1+ 77. Kb8 Rb1
78. b7 Rc1 79. Ra3 Kd7 80. Ka8 Rc7 81. b8=Q {THEDEVIL resigns} 1-0

[Event "ICS rated blitz match"]
[Site "204.178.125.65"]
[Date "1999.08.12"]
[Round "?"]
[White "THEDEVIL"]
[Black "Hossa"]
[Result "1/2-1/2"]
[WhiteElo "2244"]
[BlackElo "2402"]
[PlyCount "90"]
[EventDate "1999.??.??"]

1. d4 d5 2. e3 Bf5 3. c4 Nf6 4. Nc3 Nc6 5. a3 Qd7 6. Nf3 O-O-O 7. b4 Bg4 8. c5
Ne4 9. Bb2 Qf5 10. Be2 e5 11. dxe5 Bxf3 12. gxf3 Nxc3 13. Bxc3 Nxe5 14. f4 Qe4
15. O-O Qg6+ 16. Kh1 Nc6 17. Rg1 Qh6 18. b5 Ne7 19. Bd4 Ng6 20. c6 Ne7 21. Qa4
bxc6 22. bxc6 Re8 23. Rac1 Kd8 24. Qa6 Qe6 25. Qxa7 Nc8 26. Qb7 Bxa3 27. Ra1
Bf8 28. Ra8 Bd6 29. Bf3 Rhg8 30. Qb5 Ke7 31. Bxd5 Qh6 32. Bc5 Kf8 33. Qb4 Qh4
34. Bxd6+ Nxd6 35. Rxe8+ Kxe8 36. Qb8+ Qd8 37. Qb2 Kf8 38. Bf3 Qa8 39. Qe5 Qc8
40. Qh5 Rh8 41. Qg5 Rg8 42. Qh5 Rh8 43. Qg5 Rg8 44. Qh5 Rh8 45. Qg5 45... Rg8 {
Game drawn by repetition} 1/2-1/2

[Event "ICS rated blitz match"]
[Site "204.178.125.65"]
[Date "1999.08.12"]
[Round "?"]
[White "THEDEVIL"]
[Black "Hossa"]
[Result "1/2-1/2"]
[WhiteElo "2236"]
[BlackElo "2405"]
[PlyCount "94"]
[EventDate "1999.??.??"]

1. d4 d5 2. e3 Bf5 3. c4 Nf6 4. Nf3 e6 5. Nc3 Bb4 6. Bd2 O-O 7. a3 Be7 8. Be2
c6 9. O-O Nbd7 10. b4 Nb6 11. c5 Nbd7 12. Nh4 Bg6 13. Nxg6 fxg6 14. f4 Rb8 15.
g4 b6 16. g5 Ne8 17. Bg4 Nc7 18. Qa4 b5 19. Qc2 a6 20. Rf2 Qe8 21. Raf1 Rd8 22.
Rf3 Qf7 23. R1f2 h6 24. h4 Kh8 25. Kg2 h5 26. Bh3 Rfe8 27. Qd3 Rg8 28. Qc2 Rgf8
29. Qd3 Kg8 30. Qc2 Ne8 31. Qd3 Nb8 32. Qc2 Nc7 33. Qd3 Qe8 34. Qc2 Rd7 35. Kg3
Qf7 36. Bf1 Kh8 37. Bd3 Kh7 38. Kh3 Rdd8 39. Kg3 Nd7 40. Kh3 Qe8 41. Kg3 Na8
42. Kh3 Qf7 43. Kg3 Nc7 44. Kh3 Qe8 45. Kg3 Na8 46. Kg2 Nc7 47. Kg3 47... Na8 {
Game drawn by repetition} 1/2-1/2

[Event "ICS rated blitz match"]
[Site "204.178.125.65"]
[Date "1999.08.12"]
[Round "?"]
[White "Hossa"]
[Black "THEDEVIL"]
[Result "1-0"]
[WhiteElo "2398"]
[BlackElo "2243"]
[PlyCount "40"]
[EventDate "1999.??.??"]

1. e4 c6 2. d4 d5 3. exd5 cxd5 4. c4 Nf6 5. Nc3 g6 6. Bg5 Bg7 7. Bxf6 Bxf6 8.
Nxd5 Bg7 9. Ne2 Nc6 10. a3 e6 11. Ndc3 Nxd4 12. Nxd4 Qxd4 13. Qf3 O-O 14. Rd1
Qh4 15. Be2 Rb8 16. Qe3 b6 17. O-O Bb7 18. Rd7 Rfd8 19. Rfd1 Ba6 20. g3 20...
Qh3 {THEDEVIL resigns} 1-0

[Event "ICS rated blitz match"]
[Site "204.178.125.65"]
[Date "1999.08.12"]
[Round "?"]
[White "AtticusFinch"]
[Black "Hossa"]
[Result "0-1"]
[WhiteElo "2210"]
[BlackElo "2407"]
[PlyCount "22"]
[EventDate "1999.??.??"]

1. e4 e5 2. f4 exf4 3. Nf3 Be7 4. Bc4 Bh4+ 5. Kf1 d6 6. d4 Bg4 7. Bxf4 Qf6 8.
c3 Qxf4 9. Nbd2 f5 10. g3 Qe3 11. gxh4 11... Bh3# {AtticusFinch checkmated} 0-1

[Event "ICS rated blitz match"]
[Site "204.178.125.65"]
[Date "1999.08.12"]
[Round "?"]
[White "Hossa"]
[Black "AtticusFinch"]
[Result "1-0"]
[WhiteElo "2415"]
[BlackElo "2202"]
[PlyCount "91"]
[EventDate "1999.??.??"]

1. d4 Nf6 2. c4 c5 3. d5 b5 4. cxb5 a6 5. f3 axb5 6. e4 Qa5+ 7. Bd2 b4 8. Na3
d6 9. Nc4 Qc7 10. a3 bxa3 11. Rxa3 Rxa3 12. bxa3 Nbd7 13. Bd3 g6 14. Ne2 Bg7
15. O-O O-O 16. Ba5 Qa7 17. Bc3 Ba6 18. Qa4 Ra8 19. Ra1 Nb6 20. Qb3 Nxc4 21.
Bxc4 Bxc4 22. Qxc4 Qa4 23. Qxa4 Rxa4 24. Kf2 Kf8 25. Rb1 Ke8 26. Rb8+ Kd7 27.
Rb7+ Ke8 28. Bb2 Nxe4+ 29. fxe4 Bxb2 30. Rxb2 Rxa3 31. Rb8+ Kd7 32. Rb7+ Kd8
33. g4 Ke8 34. Rc7 Kd8 35. Rc6 Kd7 36. Rb6 c4 37. Rb7+ Kd8 38. Nd4 c3 39. Ke2
Ra2+ 40. Kd3 Rxh2 41. Kxc3 Rh4 42. Nc6+ Kc8 43. Rxe7 Rxg4 44. e5 dxe5 45. d6
Rd4 46. Rc7# {AtticusFinch checkmated} 1-0

[Event "ICS rated blitz match"]
[Site "204.178.125.65"]
[Date "1999.08.12"]
[Round "?"]
[White "CHESSGENIOS"]
[Black "Hossa"]
[Result "0-1"]
[WhiteElo "2053"]
[BlackElo "2422"]
[PlyCount "102"]
[EventDate "1999.??.??"]

1. d4 d5 2. c4 dxc4 3. Nf3 Nf6 4. Nc3 a6 5. a4 Nc6 6. e4 Bg4 7. Be3 Bxf3 8.
gxf3 e5 9. d5 Na5 10. Be2 Bb4 11. O-O Bxc3 12. bxc3 O-O 13. Kh1 Nd7 14. Rg1 Kh8
15. Qf1 f5 16. Bxc4 Nxc4 17. Qxc4 fxe4 18. fxe4 Rc8 19. Qe2 Qf6 20. c4 Qe7 21.
Rg2 Qb4 22. Qc2 b6 23. Rb1 Qa3 24. Rbg1 Rf7 25. Rc1 c6 26. Qc3 Qe7 27. Qe1 Rf3
28. Rg1 Qh4 29. Rg2 Qxe4 30. d6 Rcf8 31. Qc3 R8f6 32. Rd1 Rg6 33. Qd3 Rxe3 34.
Qxe4 Rxe4 35. Rxg6 hxg6 36. Kg2 Rxc4 37. f4 exf4 38. a5 bxa5 39. h4 Kh7 40. h5
gxh5 41. Rh1 Kh6 42. Kf3 g5 43. Rxh5+ Kxh5 44. Kg2 Rd4 45. Kf3 Ne5+ 46. Kg2 f3+
47. Kf2 Rxd6 48. Kg3 Rd2 49. Kh3 Re2 50. Kg3 Rg2+ 51. Kh3 51... g4# {
CHESSGENIOS checkmated} 0-1

[Event "ICS rated blitz match"]
[Site "204.178.125.65"]
[Date "1999.08.12"]
[Round "?"]
[White "Secret"]
[Black "Hossa"]
[Result "1-0"]
[WhiteElo "2551"]
[BlackElo "2425"]
[PlyCount "121"]
[EventDate "1999.??.??"]

1. Nf3 b6 2. g3 Bb7 3. Bg2 e6 4. O-O d5 5. d4 c5 6. dxc5 Bxc5 7. c4 Ne7 8. cxd5
exd5 9. b4 Bd6 10. Bb2 O-O 11. Re1 Re8 12. a3 Nd7 13. e3 Ng6 14. Nc3 Nf6 15.
Nd4 Rc8 16. Bh3 Rb8 17. Rc1 Ra8 18. Bg2 Be5 19. Ncb5 a6 20. Nc3 Rc8 21. h3 Qe7
22. b5 a5 23. Qd3 Rc5 24. Na4 Rxc1 25. Rxc1 Qd6 26. Qf5 Ba8 27. Rc8 Ne7 28.
Rxe8+ Nxe8 29. Qc2 Nc7 30. Qd3 Bb7 31. Kf1 Bc8 32. Bc3 Na8 33. Ba1 Bb7 34. Bb2
Kh8 35. Kg1 Nc7 36. Qc3 Qg6 37. Qd2 Nc8 38. Nc3 Nd6 39. Qe2 f5 40. Qd3 Ne4 41.
Nce2 Ne8 42. Qc2 Qf6 43. Qc1 Kg8 44. Ba1 g6 45. Bb2 Nc7 46. Nf3 Bxb2 47. Qxc7
Nc5 48. Ned4 Bxa3 49. h4 h6 50. Ne5 Bb2 51. Nec6 Bxc6 52. bxc6 Qf8 53. Bxd5+
Kh8 54. Qxb6 Na4 55. Qb7 Bxd4 56. exd4 g5 57. c7 Nb6 58. Qxb6 Kh7 59. Qb8 Qxb8
60. cxb8=Q f4 61. Qg8# {Hossa checkmated} 1-0

[Event "ICS rated blitz match"]
[Site "204.178.125.65"]
[Date "1999.08.12"]
[Round "?"]
[White "knightmare51"]
[Black "Hossa"]
[Result "0-1"]
[WhiteElo "2179"]
[BlackElo "2422"]
[PlyCount "126"]
[EventDate "1999.??.??"]

1. e4 e5 2. Bc4 Bc5 3. Nc3 Nc6 4. Qg4 g6 5. Qf3 Nf6 6. Nge2 d6 7. h3 O-O 8. d3
Nb4 9. Bb3 Be6 10. Bg5 Kg7 11. O-O Bxb3 12. cxb3 h6 13. Bh4 g5 14. Bg3 Nc6 15.
Rac1 Kg8 16. Rfd1 a6 17. Nd5 Nxd5 18. exd5 Nd4 19. Nxd4 Bxd4 20. Rd2 f5 21.
Rdc2 f4 22. Bh2 Bb6 23. Qg4 Qf6 24. Kh1 f3 25. g3 Rae8 26. Qe4 Re7 27. Bg1 Qg7
28. Kh2 Bd4 29. b4 Qf7 30. a4 Rd8 31. b3 Rdd7 32. b5 axb5 33. axb5 Qf6 34. Kh1
Kh8 35. Kh2 Rf7 36. Kh1 Rg7 37. Kh2 Rge7 38. Kh1 Qf7 39. Kh2 Re8 40. Rd1 Ra8
41. Rdc1 Ra5 42. Rc4 Rxb5 43. Rxd4 exd4 44. Qxd4+ Kg8 45. Qa4 Qxd5 46. Re1 Qxd3
47. Qg4 Qf5 48. Qh5 Rxb3 49. Qe8+ Kg7 50. g4 Qf7 51. Qe4 c5 52. Qc2 b5 53. Kh1
b4 54. Bh2 Ra3 55. Qb2+ Kg8 56. Qd2 d5 57. Be5 d4 58. Qc2 Ra5 59. Qd3 Re7 60.
Qe4 b3 61. Qc6 Rxe5 62. Rxe5 Ra1+ 63. Kh2 63... Qf4# {knightmare51 checkmated}
0-1

[Event "ICS rated blitz match"]
[Site "204.178.125.65"]
[Date "1999.08.12"]
[Round "?"]
[White "Hossa"]
[Black "knightmare51"]
[Result "1-0"]
[WhiteElo "2428"]
[BlackElo "2173"]
[PlyCount "55"]
[EventDate "1999.??.??"]

1. d4 d5 2. c4 e6 3. Nc3 c5 4. cxd5 exd5 5. Nf3 Nc6 6. g3 Nf6 7. Bg2 Be7 8. O-O
O-O 9. Bg5 cxd4 10. Nxd4 h6 11. Bf4 Re8 12. Ndb5 d4 13. Bxc6 bxc6 14. Nxd4 Bh3
15. Re1 Nd5 16. Nxc6 Nxc3 17. Qxd8 Bxd8 18. bxc3 Rc8 19. Nxd8 Rexd8 20. Rec1
Rc4 21. Rab1 Rd5 22. Rb3 Ra5 23. Rc2 g5 24. Bb8 Rca4 25. Rbb2 Rc4 26. f3 f5 27.
Rb7 Rca4 28. Rd2 {knightmare51 resigns} 1-0